000
00209 a2200097 4500
001
16031
100
_a
Schwarzenbach
245
_a
System modeling & control
260
_a
London
_b
Arn
_c
090
_c
12413
_d
12413
942
_a
NUST-CAE
_c
M
_c
2685
999
_c
251104
_d
251104